Breakfast Foods Quiz - Statistics

General Stats
  • This quiz has been taken 145 times
    137 since last reset
  • The average score is 11 of 25
Answer Stats
Answer % Correct
Egg
96%
Bacon
89%
Pancake
85%
Toast
84%
Waffle
81%
Cereal
79%
Sausage
76%
Bagel
51%
Oatmeal
51%
French Toast
48%
Yogurt
45%
Muffin
44%
Hash Brown
42%
Omelet
40%
Ham
33%
Croissant
26%
Donut
23%
Smoothie
20%
Porridge
17%
Breakfast Burrito
16%
Pop Tart
16%
English Muffin
12%
Quiche
12%
Fruit Salad
5%
Egg Sandwich
4%
No matching quizzes found
Score Distribution
Percent of People with Each Score
Percentile by Number Answered
Your Score History
You have not taken this quiz since the last reset